| 000 | 00423nam a2200157Ia 4500 | ||
|---|---|---|---|
| 008 | 160316s9999 xxu||||| |||| 00| 0 eng d | ||
| 082 |
_a346.017000 _bUNI |
||
| 100 | _a | ||
| 245 | _aMaking commitments matter a toolkit for young people to evaluate national youth policy | ||
| 250 | _a | ||
| 260 |
_a _bUNICEF _c0 |
||
| 300 |
_a108 _b _c |
||
| 365 | _b | ||
| 650 | _a1. children 2. toolkit 3. youth policy | ||
| 700 |
_a _a |
||
| 999 |
_c33520 _d33520 |
||